Clic Le nom de Tintin dans d'autres langues - Statistiques

Statistiques générales
  • Ce quiz a été pris 51 fois
  • Le résultat moyen est 4 sur 11
Statistiques - réponses
Hint Réponse % Correct
Titinus Latin
76%
Ding-Ding Chinois
73%
Tim Allemand
61%
Kuifje Néerlandais
36%
Tincjo Espéranto
33%
Tintti Finnois
30%
Kuifie Afrikaans
27%
Tantan Arabe
21%
Tinni Islandais
18%
Timtim Portugais
15%
Tenten Turc
15%
Aucun quiz correspondant
Distribution des résultats
% des personnes avec chaque résultat
Percentile par nombre de réponses
Votre historique - résultats
Vous n’avez pas pris ce quiz